000 005260000a22001090004500
100 1 _aMusgrave, Caroline
245 1 0 _aLa Declaración de Derechos Humanos de la ONU
300 _aVol.0, núm.66 (Mayo, 2006), Página 6
520 _aLa Declaración Universal de Derechos Humanos de las Naciones Unidas declara que todas las personas tienen los mismos derechos iguales e innegables, no importa cuál sea su género, raza, nacionalidad, religión, política, opiniones o condición social,
773 0 _tPaso a Paso
942 _cANA
999 _c61517
_d61517